Central Library OPAC University of Rajshahi

Eye, film, and camera in color photography / (Record no. 62592)

MARC details
000 -LEADER
fixed length control field 00692nam a2200229 a 4500
001 - CONTROL NUMBER
control field 62592
003 - CONTROL NUMBER IDENTIFIER
rucl marc code BD-RjUL
005 - DATE AND TIME OF LATEST TRANSACTION
control field 20211209081113.0
008 - FIXED-LENGTH DATA ELEMENTS--GENERAL INFORMATION
fixed length control field 170124s1960 enka b 001 0 eng
035 ## - SYSTEM CONTROL NUMBER
System control number (BD-RjUL)62718
040 ## - CATALOGING SOURCE
Original cataloging agency DLC
Transcribing agency ODefC
Modifying agency OCoLC
-- BD-RjUL
Language of cataloging eng
041 ## - LANGUAGE CODE
Language code of text/sound track or separate title eng
082 ## - DEWEY DECIMAL CLASSIFICATION NUMBER
Classification number 778.6
Edition number 23
Author mark and year EVE 1960
100 1# - MAIN ENTRY--PERSONAL NAME
Personal name Evans, Ralph M.
Fuller form of name (Ralph Merrill)
9 (RLIN) 186083
245 10 - TITLE STATEMENT
Title Eye, film, and camera in color photography /
Statement of responsibility, etc. Ralph M. Evans,
260 ## - PUBLICATION, DISTRIBUTION, ETC. (IMPRINT)
Place of publication, distribution, etc. New York :
Name of publisher, distributor, etc. Wiley,
Date of publication, distribution, etc. c1959 [printing 1960]
300 ## - PHYSICAL DESCRIPTION
Pagination 410 p. :
Illustrations ill. ;
Size 24 cm.
504 ## - BIBLIOGRAPHY, ETC. NOTE
Bibliography, etc Includes bibliography and index
650 #0 - SUBJECT ADDED ENTRY--TOPICAL TERM
Topical term or geographic name as entry element Color photography.
9 (RLIN) 186084
Topical term or geographic name as entry element Vision.
9 (RLIN) 186085
942 ## - ADDED ENTRY ELEMENTS (KOHA)
Source of classification or shelving scheme Dewey Decimal Classification
Koha item type Books
Holdings
Lost status Source of classification or shelving scheme Damaged status Not for loan Collection code Permanent Location Current Location Shelving location Date acquired Source of acquisition Cost, normal purchase price Total Checkouts Full call number Date last seen Copy number Koha item type
  Dewey Decimal Classification   Not For Loan Rare Books Central Library, University of Rajshahi Central Library, University of Rajshahi Reading Room 15/08/1967 Book centre 57.00   778.6 EVE 1960 24/01/2017 C-1 Books